The Winners manual (Record no. 4601)

MARC details
000 -LEADER
fixed length control field 00344nam a22001577a 4500
005 - DATE AND TIME OF LATEST TRANSACTION
control field 20160629112629.0
008 - FIXED-LENGTH DATA ELEMENTS--GENERAL INFORMATION
fixed length control field 160629b xxu||||| |||| 00| 0 eng d
041 ## - LANGUAGE CODE
Language code of text/sound track or separate title eng
082 ## - DEWEY DECIMAL CLASSIFICATION NUMBER
Item number 10994
100 ## - MAIN ENTRY--AUTHOR NAME
Personal name Heller, Robert
245 ## - TITLE STATEMENT
Title The Winners manual
260 ## - PUBLICATION, DISTRIBUTION, ETC. (IMPRINT)
Name of publisher Impulse
300 ## - PHYSICAL DESCRIPTION
Number of Pages 242
650 ## - SUBJECT ADDED ENTRY--TOPICAL TERM
Topical Term Management
942 ## - ADDED ENTRY ELEMENTS (KOHA)
Koha item type Books
Holdings
Lost status Damaged status Collection code Home library Current library Shelving location Date acquired Accession Number Koha item type
    LIFE SKILL JRU Library JRU Library SHELF-103-F 29/06/2016 10994 Books